000
00241 a2200097 4500
001
14887
100
_a
Coedes G
245
_a
The indianized states of south east Asia
260
_a
Honolulu
_b
East west center press
_c
090
_c
11656
_d
11656
942
_a
NUST-CAE
_c
M
_c
1843
999
_c
249960
_d
249960